000 00664nam a2200205 4500
001 138703
003 ES-MaACL
005 20250817063123.0
007 t|
008 070214s1972 sp r ||||1| spa d
100 1 _aSantillana del Barrio, Antonio.
_9103423
245 1 0 _aAnálisis económico del problema de la vivienda /
_cAntonio Santillana del Barrio.
260 _aBarcelona :
_bAriel,
_c1972.
300 _a173 p. ;
_c20 cm.
490 1 _aBiblioteca de ciencia económica (Ariel)
_9184105
830 0 _aBiblioteca de ciencia económica (Ariel)
_9184105
852 _aES-MaACL
_jC-43823
_bR.80809
942 _2udc
999 _c138703
_d138703